000 01246nam0a22003011 4500
001 RU\INFOCOMM_322\NLR\5000102729
005 20250614080022.0
035 _a(NLR Aleph) 010590596
090 _a10501242
_c10501242
100 _a20121212d1965 |||y0rusy50 ca
101 1 _aspa
102 _aRU
105 _ay z||||
200 1 _aPlan estatal de fomento de la economía nacional de la URSS para 1965
_fInforme de A. Kosiguin, Presidente del Consejo de Min. de la URSS, en la sesión del Soviet Supremo de la URSS, el 9 de dic. de 1964
210 _aM.
_cEd. de la Agencia de prensa "Nóvosti"
_d1965
215 _a63 с.
_d14 см
300 _aНа обл. авт. не указан; загл.: URSS. 1965. Plan de fomento de la economía nacional
300 _aВ вып. дан.: СССР. 1965. План развития народного хозяйства
512 1 _aURSS. 1965. Plan de fomento de la economía nacional
620 _aМосква
686 _aЭ4(1)500-1965
_2rubbk
700 1 _9z01790
_aKosygin
_bA. N.
_f1904-1980
_gAleksej Nikolaevič
790 1 _9z01700
_aKosiguin
_bA. N.
_4070
801 1 _aRU
_bNLR
_c20121212
801 0 _aRU
_bINFOCOMM
_gPSBO
852 _aNLR
_jЭк31 Г-2/23
942 _cBOOK
980 _aNB